<?xml version="1.0" encoding="UTF-8"?>
<record
    xmlns:xsi="http://www.w3.org/2001/XMLSchema-instance"
    xsi:schemaLocation="http://www.loc.gov/MARC21/slim http://www.loc.gov/standards/marcxml/schema/MARC21slim.xsd"
    xmlns="http://www.loc.gov/MARC21/slim">

  <leader>02004nam a2200265 i 4500</leader>
  <controlfield tag="003">DO-SdBNP</controlfield>
  <controlfield tag="005">20251215122618.0</controlfield>
  <controlfield tag="007">ta</controlfield>
  <controlfield tag="008">251014b2025    dr ||||| |||| 00| e spa d</controlfield>
  <datafield tag="020" ind1=" " ind2=" ">
    <subfield code="a">9789945656299</subfield>
  </datafield>
  <datafield tag="040" ind1=" " ind2=" ">
    <subfield code="a">DO-SdBNP</subfield>
    <subfield code="b">spa</subfield>
    <subfield code="c">BNPHU</subfield>
    <subfield code="e">rda</subfield>
  </datafield>
  <datafield tag="041" ind1=" " ind2=" ">
    <subfield code="a">spa</subfield>
  </datafield>
  <datafield tag="082" ind1=" " ind2="4">
    <subfield code="a">xxxx</subfield>
    <subfield code="b">A676e</subfield>
    <subfield code="2">22</subfield>
  </datafield>
  <datafield tag="100" ind1=" " ind2=" ">
    <subfield code="a">Ardav&#xED;n Trabanco, Carlos X.,</subfield>
    <subfield code="d">1967-</subfield>
    <subfield code="4">aut.</subfield>
    <subfield code="9">20519</subfield>
    <subfield code="e">autor</subfield>
  </datafield>
  <datafield tag="245" ind1="1" ind2="3">
    <subfield code="a">La escritura de M&#xE1;ximo Vega /</subfield>
    <subfield code="c">editor, Carlos Ardav&#xED;n Trabanco.</subfield>
  </datafield>
  <datafield tag="264" ind1=" " ind2=" ">
    <subfield code="a">Santo Domingo :</subfield>
    <subfield code="b">Editorial Santuario,</subfield>
    <subfield code="c">2025.</subfield>
  </datafield>
  <datafield tag="300" ind1=" " ind2=" ">
    <subfield code="a">128 p&#xE1;ginas ;</subfield>
    <subfield code="c">23 cm. </subfield>
  </datafield>
  <datafield tag="336" ind1=" " ind2=" ">
    <subfield code="a">texto</subfield>
    <subfield code="b">txt</subfield>
    <subfield code="2">rdacontent</subfield>
  </datafield>
  <datafield tag="337" ind1=" " ind2=" ">
    <subfield code="a">sin mediaci&#xF3;n </subfield>
    <subfield code="b">n</subfield>
    <subfield code="2">rdamedia</subfield>
  </datafield>
  <datafield tag="338" ind1=" " ind2=" ">
    <subfield code="a">volumen</subfield>
    <subfield code="b">nc</subfield>
    <subfield code="2">rdacarrier</subfield>
  </datafield>
  <datafield tag="500" ind1=" " ind2=" ">
    <subfield code="a">Incluye datos biogr&#xE1;ficos de los autores en las solapas. 
</subfield>
  </datafield>
  <datafield tag="505" ind1=" " ind2=" ">
    <subfield code="a">Notas previa, 11. -- </subfield>
    <subfield code="g">I. Rese&#xF1;as y comentarios.</subfield>
    <subfield code="t">Juguete de madera: un comentario /</subfield>
    <subfield code="r">Manuel Vicioso, 15 --</subfield>
    <subfield code="t">El mundo ajeno de Ana /</subfield>
    <subfield code="r">Ubaldo Rosario, 19 --</subfield>
    <subfield code="t">La ciudad perdida /</subfield>
    <subfield code="r">Jos&#xE9; Acosta, 21 -- </subfield>
    <subfield code="t">Era lunes ayer /</subfield>
    <subfield code="r">Jos&#xE9; Alc&#xE1;ntara Alm&#xE1;nzar, 25 -- </subfield>
    <subfield code="t">Palma sola: novela en l os linderos de la historia /</subfield>
    <subfield code="r">Jos&#xE9; Rafael Lantigua, 29 --</subfield>
    <subfield code="g">II. Estudios. --</subfield>
    <subfield code="t">El juego narrativo de M&#xE1;ximo Vega /</subfield>
    <subfield code="r">Fernando Cabrera, 35  --</subfield>
    <subfield code="t">Juguete de madera: retorno al placer del &#xE9;xito /  </subfield>
    <subfield code="r">Nana Chevalier, 43 --</subfield>
    <subfield code="t">Oraciones para cuando llegue el fin del mundo /</subfield>
    <subfield code="r">Manuel Llibre Otero, 51 --</subfield>
    <subfield code="t">Entre el ensayo y la cr&#xED;tica en el libro de los &#xFA;ltimos d&#xED;as /</subfield>
    <subfield code="r">Enegildo Pe&#xF1;a, 57 --</subfield>
    <subfield code="t">Amor e intelectualidad en Palma Sola / </subfield>
    <subfield code="r">Giovani Di Pietro, 63 --</subfield>
    <subfield code="g">III. Entrevista. --</subfield>
    <subfield code="t">M&#xE1;ximo Vega: rompiendo con el mito del pesimismo dominicano /</subfield>
    <subfield code="r">Ruth Herrera, 81 --</subfield>
    <subfield code="t">Un mercenario que hace literatura / </subfield>
    <subfield code="r">Altagracia P&#xE9;rez, 89 --</subfield>
    <subfield code="t">El otro lado del espejo /</subfield>
    <subfield code="r">Ren&#xE9; Rodr&#xED;guez Soriano, 97 --</subfield>
    <subfield code="t">M&#xE1;ximo Vega: entrevista /</subfield>
    <subfield code="r">Clodomiro Moquete, 103 --</subfield>
    <subfield code="t">En torno a juguete de madera /</subfield>
    <subfield code="r">Rosa Silverio,  115 --</subfield>
    <subfield code="t">M&#xE1;ximo Vega muy personal /</subfield>
    <subfield code="r">Yngrid Gonz&#xE1;lez de Rodr&#xED;guez, 123 -- </subfield>
    <subfield code="t">Obras de M&#xE1;ximo Vega, 127</subfield>
  </datafield>
  <datafield tag="590" ind1=" " ind2=" ">
    <subfield code="a">Inventariado, 2025 /LP</subfield>
  </datafield>
  <datafield tag="942" ind1=" " ind2=" ">
    <subfield code="2">ddc</subfield>
    <subfield code="c">LBS1</subfield>
  </datafield>
  <datafield tag="952" ind1=" " ind2=" ">
    <subfield code="0">0</subfield>
    <subfield code="1">0</subfield>
    <subfield code="2">ddc</subfield>
    <subfield code="7">0</subfield>
    <subfield code="a">BNPHU</subfield>
    <subfield code="b">BNPHU</subfield>
    <subfield code="d">2025-10-14</subfield>
    <subfield code="l">0</subfield>
    <subfield code="o">xxxx A676e</subfield>
    <subfield code="p">2025-11865</subfield>
    <subfield code="r">2025-10-14</subfield>
    <subfield code="w">2025-10-14</subfield>
    <subfield code="y">LBS1</subfield>
  </datafield>
  <datafield tag="952" ind1=" " ind2=" ">
    <subfield code="0">0</subfield>
    <subfield code="1">0</subfield>
    <subfield code="2">ddc</subfield>
    <subfield code="7">0</subfield>
    <subfield code="a">BNPHU</subfield>
    <subfield code="b">BNPHU</subfield>
    <subfield code="d">2025-10-14</subfield>
    <subfield code="l">0</subfield>
    <subfield code="o">xxxx A676e</subfield>
    <subfield code="p">2025-11866</subfield>
    <subfield code="r">2025-10-14</subfield>
    <subfield code="t">e.2</subfield>
    <subfield code="w">2025-10-14</subfield>
    <subfield code="y">LBS1</subfield>
  </datafield>
  <datafield tag="952" ind1=" " ind2=" ">
    <subfield code="0">0</subfield>
    <subfield code="1">0</subfield>
    <subfield code="2">ddc</subfield>
    <subfield code="7">0</subfield>
    <subfield code="a">BNPHU</subfield>
    <subfield code="b">BNPHU</subfield>
    <subfield code="d">2025-10-14</subfield>
    <subfield code="l">0</subfield>
    <subfield code="o">xxxx A676e</subfield>
    <subfield code="p">2025-11867</subfield>
    <subfield code="r">2025-10-14</subfield>
    <subfield code="t">e.3</subfield>
    <subfield code="w">2025-10-14</subfield>
    <subfield code="y">LBS1</subfield>
  </datafield>
  <datafield tag="999" ind1=" " ind2=" ">
    <subfield code="c">59950</subfield>
    <subfield code="d">59950</subfield>
  </datafield>
</record>
